000 00767nam a2200265Ia 4500
003 OSt
005 20220928113816.0
006 a|||||r|||| 00| 0
007 ta
008 220927b |||||||| |||| 00| 0 eng d
020 _c13449.84
024 _a124445
037 _b138, 18/09/2014, Vardhman Books
_cTextual
040 _aSDCL
_cSDCL
_beng
041 _2eng
_aeng
082 _aD:81, Q4
100 _aBirolini Alessandro
_9435333
245 0 _aReliability engineering
_b Theory and practice
250 _a7
260 _aHeidelberg
_bSpringer
_c2014
300 _avii;626p
_ccm.
650 _aApplied Operation Research
942 _hD:81, Q4
_cTEXL
_2CC
999 _c751543
_d751543